000 00550nam a2200193Ia 4500
005 20260120124634.0
008 008 260114s9999 xx 000 0 eng d
020 _a9780762310159
037 _aEBOOK
040 _aCRL
_beng
_cCRL
041 _aeng
_2eng
084 _qCRL
245 0 _aStudies in Law, Politics and Society
260 _bEmerald Publishing
_c2003
700 _aAustin Sarat
_9908704
856 _uhttps://www.emerald.com/insight/publication/doi/10.1016/S1059-4337(2003)28
942 _cEBOOK
999 _c1500608
_d1500608